| 000 | 00560cam a2200193 4500 | ||
|---|---|---|---|
| 001 | D1556 | ||
| 008 | 090401t1979 xxu||||| |||| 00| 0 eng d | ||
| 035 | _a(Sirsi) u64549 | ||
| 041 | _aeng | ||
| 050 | _a306.109421 | ||
| 100 | _aBooth, P.A. | ||
| 245 | _aSpeculative housing and the land market in London 1660-1730: four case studies | ||
| 260 |
_aSheffield _bSheffield Centre for Environmental Resea _c1979 |
||
| 300 | _a29p. 31cm | ||
| 350 | _a0 | ||
| 490 |
_aUrban Planning History Papers Occasional Paper _v79/34 |
||
| 942 | _n0 | ||
| 948 | _c04/03/1997 | ||
| 999 |
_c94687 _d94687 |
||